Stroke research and treatment

Detalles Bibliográficos
Formato: Electrónico Revista
Lenguaje:inglés
Publicado: London : Sage-Hindawi Access to Research
Materias:
Acceso en línea:Full text available from Research Library: 01/01/2014 to present

MARC

LEADER 00000nas a2200000 a 4500
001 ssj0000329304
003 WaSeSS
005 20200512172242.0
006 m d
007 cr n
008 100419c20109999enkuu p s 0 0eng
010 |a  2010243428 
016 7 |a 2573724-7  |2 DE-600 
016 7 |a 101529024  |2 DNLM 
016 7 |a 015354054  |2 Uk 
022 |a 2042-0056  |y 2090-8105 
035 |a (WaSeSS)ssj0000329304 
040 |a NLM  |b eng  |c NLM  |d OCLCQ  |d HEBIS  |d SCB  |d OCLCQ  |d OCLCF  |d OCLCQ  |d CASUM  |d OCLCA  |d OCLCO  |d OCLCA  |d AU@  |d OCLCA  |d OCLCQ  |d UKMGB  |d WaSeSS 
042 |a pcc 
050 1 4 |a RC388.5 
060 1 0 |a W1 
245 0 0 |a Stroke research and treatment  |h [electronic resource]. 
260 |a London :  |b Sage-Hindawi Access to Research 
362 1 |a Began in 2010. 
506 |a License restrictions may limit access. 
515 |a Articles added consecutively to current annual volume. 
538 |a Mode of access: World Wide Web. 
588 |a Description based on: Vol. 2010 (2010); title from HTML header (publisher's Web site, viewed May 21, 2010). 
588 |a Latest issue consulted: Vol. 2011 (2011) (viewed Dec. 29, 2010). 
650 0 |a Cerebrovascular disease  |v Periodicals. 
650 1 2 |a Stroke. 
650 2 2 |a Cerebrovascular Disorders. 
650 7 |a Cerebrovascular disease.  |2 fast  |0 (OCoLC)fst00851361 
655 0 |a Electronic journals. 
850 |a DNLM 
856 4 0 |z Full text available from Research Library: 01/01/2014 to present  |u https://search.proquest.com/publication/2037504